Obras Selectas / (Registro nro. 30354)
[ vista simple ]
| 000 -LEADER | |
|---|---|
| fixed length control field | 00862nam a2200241Ia 4500 |
| 003 - CONTROL NUMBER IDENTIFIER | |
| control field | CO-CtgCURN |
| 005 - DATE AND TIME OF LATEST TRANSACTION | |
| control field | 20250410210424.0 |
| 008 - FIXED-LENGTH DATA ELEMENTS--GENERAL INFORMATION | |
| fixed length control field | 190726s2004 xx g 000 0 spa d |
| 020 ## - INTERNATIONAL STANDARD BOOK NUMBER | |
| International Standard Book Number | 8484037010 |
| 040 ## - CATALOGING SOURCE | |
| Original cataloging agency | CO-CtgCURN |
| Language of cataloging | spa |
| Transcribing agency | coctgcurn |
| 082 ## - DEWEY DECIMAL CLASSIFICATION NUMBER | |
| Classification number | 842.4 |
| Item number | M721o |
| 100 ## - MAIN ENTRY--PERSONAL NAME | |
| Personal name | Moliere |
| 9 (RLIN) | 3642 |
| 245 #0 - TITLE STATEMENT | |
| Title | Obras Selectas / |
| Statement of responsibility, etc. | Moliere; traducción., Carmelo Sanchez Castro; prólogo., Francisco Caudet Yarza |
| 260 ## - PUBLICATION, DISTRIBUTION, ETC. | |
| Place of publication, distribution, etc. | España : |
| Name of publisher, distributor, etc. | Edimat libros, |
| Date of publication, distribution, etc. | 2004 |
| 300 ## - PHYSICAL DESCRIPTION | |
| Extent | 425 páginas ; |
| Dimensions | 23 centímetros |
| 521 ## - TARGET AUDIENCE NOTE | |
| Target audience note | AREA BASICA |
| 590 ## - LOCAL NOTE (RLIN) | |
| Local note | Todos los programas acádemicos |
| 650 ## - SUBJECT ADDED ENTRY--TOPICAL TERM | |
| Topical term or geographic name entry element | Teatro francés |
| 9 (RLIN) | 3643 |
| 700 ## - ADDED ENTRY--PERSONAL NAME | |
| Personal name | Caudet Yarza, Francisco |
| Relator term | prólogo |
| 9 (RLIN) | 3644 |
| 942 ## - ADDED ENTRY ELEMENTS (KOHA) | |
| Koha item type | Libros |
| Classification part | 842.4 |
| Item part | M721o |
| Source of classification or shelving scheme | Dewey Decimal Classification |
| Suppress in OPAC | No |
| Withdrawn status | Lost status | Damaged status | Not for loan | Collection | Home library | Current library | Shelving location | Date acquired | Inventory number | Total checkouts | Full call number | Barcode | Date last seen | Copy number | Price effective from | Koha item type |
|---|---|---|---|---|---|---|---|---|---|---|---|---|---|---|---|---|
| Miguel Henríquez Castañeda Barranquilla | Miguel Henríquez Castañeda Barranquilla | General | 05/23/2018 | 03029 | 842.4 M721o | 03029 | 07/26/2019 | ej.1 | 07/26/2019 | Libros | ||||||
| Miguel Henríquez Castañeda Barranquilla | Miguel Henríquez Castañeda Barranquilla | General | 05/23/2018 | 03030 | 842.4 M721o | 03030 | 07/26/2019 | ej.2 | 07/26/2019 | Libros |